| 000 | 00330nam a2200133Ia 4500 | ||
|---|---|---|---|
| 003 | GCL | ||
| 008 | 140319s9999 xx 000 0 eng d | ||
| 040 |
_aGCL / _cGCL |
||
| 082 | 0 | 4 |
_a150 _bS P |
| 100 | 1 | _aSDOROW, LESTER | |
| 245 | 1 | 0 |
_aPSYCHOLOGY / _cSDOROW, LESTER |
| 260 |
_a[S.N] : _bBROWN & BENCHMARK ، _c1995 |
||
| 300 | _a700 P | ||
| 999 |
_c11499 _d11499 |
||